Leasing w prywatyzacji oplaty, umorzenia
Uložené v:
| Hlavný autor: | |
|---|---|
| Ďalší autori: | |
| Médium: | Kniha |
| Jazyk: | Polish |
| Vydavateľské údaje: |
Warszawa
CIM
1995
|
| Vydanie: | 2. wyd. uzup. poszer. |
| Edícia: | Lektury menedzera
|
| Predmet: | |
| Tagy: |
Žiadne tagy, Buďte prvý, kto otaguje tento záznam!
|
MARC
| LEADER | 00000nam a2200000 4500 | ||
|---|---|---|---|
| 001 | c123623 | ||
| 005 | 20221123112532.7 | ||
| 020 | |a 83-86210-54-0 | ||
| 041 | 0 | |a pol | |
| 044 | |a PL | ||
| 245 | 1 | 0 | |a Leasing w prywatyzacji |b oplaty, umorzenia |c Zofia Teluk, Janusz Wojnowicz |
| 250 | |a 2. wyd. uzup. poszer. | ||
| 264 | 1 | |a Warszawa |b CIM |c 1995 | |
| 300 | |a 94 s. | ||
| 490 | 1 | |a Lektury menedzera | |
| 830 | 0 | |a Lektury menedzera | |
| 610 | 2 | 0 | |a privatizácia |
| 610 | 2 | 0 | |a lízing |
| 610 | 2 | 0 | |a poplatky |
| 610 | 2 | 0 | |a amortizácia |
| 610 | 2 | 0 | |a financie |
| 610 | 2 | 0 | |a ministerstvá |
| 610 | 2 | 0 | |a zákony |
| 610 | 2 | 0 | |a legislatíva |
| 610 | 2 | 0 | |a predpisy právne |
| 610 | 2 | 0 | |a Poľsko |
| 100 | 1 | |a Teluk, Zofia | |
| 700 | 1 | |a Wojnowicz, Janusz | |